Central Library OPAC University of Rajshahi

Personality and psychotherapy : (Record no. 29353)

MARC details
000 -LEADER
fixed length control field 00902nam a2200265 a 4500
001 - CONTROL NUMBER
control field 29353
003 - CONTROL NUMBER IDENTIFIER
rucl marc code BD-RjUL
005 - DATE AND TIME OF LATEST TRANSACTION
control field 20211209051413.0
008 - FIXED-LENGTH DATA ELEMENTS--GENERAL INFORMATION
fixed length control field 140403s1950 nyua b 001 0 eng
035 ## - SYSTEM CONTROL NUMBER
System control number (BD-RjUL)29438
040 ## - CATALOGING SOURCE
Original cataloging agency DLC
Transcribing agency DLC
Modifying agency m.c
-- BD-RjUL
Language of cataloging eng
041 ## - LANGUAGE CODE
Language code of text/sound track or separate title eng
082 ## - DEWEY DECIMAL CLASSIFICATION NUMBER
Classification number 150
Author mark and year DOP 1950
100 1# - MAIN ENTRY--PERSONAL NAME
Personal name Dollard, John,
Dates associated with a name 1900-1980
9 (RLIN) 88231
245 10 - TITLE STATEMENT
Title Personality and psychotherapy :
Remainder of title an analysis in terms of learning, thinking, and culture /
Statement of responsibility, etc. by John Dollard and Neal E. Miller.
260 ## - PUBLICATION, DISTRIBUTION, ETC. (IMPRINT)
Place of publication, distribution, etc. New York :
Name of publisher, distributor, etc. McGraw-Hill,
Date of publication, distribution, etc. 1950.
300 ## - PHYSICAL DESCRIPTION
Pagination xiii, 488 p. :
Illustrations ill. ;
Size 24 cm.
504 ## - BIBLIOGRAPHY, ETC. NOTE
Bibliography, etc Includes Bibliography: p. 461-469 and index.
650 #0 - SUBJECT ADDED ENTRY--TOPICAL TERM
Topical term or geographic name as entry element Psychology.
9 (RLIN) 89530
Topical term or geographic name as entry element Psychotherapy.
9 (RLIN) 89531
700 1# - ADDED ENTRY--PERSONAL NAME
Personal name Miller, Neal E.
Fuller form of name (Neal Elgar),
Dates associated with a name 1909-2002
830 #0 - SERIES ADDED ENTRY--UNIFORM TITLE
Uniform title McGraw-Hill publications in psychology
942 ## - ADDED ENTRY ELEMENTS (KOHA)
Source of classification or shelving scheme Dewey Decimal Classification
Koha item type Books
Holdings
Lost status Source of classification or shelving scheme Damaged status Not for loan Collection code Permanent Location Current Location Shelving location Date acquired Total Checkouts Full call number Date last seen Copy number Koha item type
  Dewey Decimal Classification   Added to bundle Non-fiction Central Library, University of Rajshahi Central Library, University of Rajshahi Reading Room 03/04/2014   150 DOP 1950 03/04/2014 C-3 Books